000 00857cam a22002777a 4500
003 CHAP
005 20220329134301.0
008 971013s1987 r 00010 d
010 _a18105
011 _a19077
035 _a23162
040 _cCHAP
090 _aFolleto 10566
110 _aCEMLA
_920939
245 1 3 _aEl Centro de Estudios Monetarios Latinoamericanos
_b: 1952-1985 el camino recorrido
260 _aMéxico, D.F. :
_bEl centro,
_c1987
300 _a81 p.
_b: ilus.
590 _aBATCH-UPD
_b10
_c20130110
_lUCH01
_h2314
590 _aBATCH-UPD
_b10
_c20130410
_lUCH01
_h1604
590 _aBATCH-UPD
_b10
_c20130914
_lUCH01
_h1137
590 _aCONVERSION
_b10
_c20130109
_lUCH01
_h1311
650 1 4 _aCuestión monetaria
_xAmérica Latina.
_930122
901 _aBK
942 _cFOLL
949 _aFolleto 10566
_bBC
_cFOLL
_d-54017
_eTS1
_i23162
_si
999 _c18105
_d18105